000 00602nam a2200241Ia 4500
003 OSt
005 20221005075349.0
006 a|||||r|||| 00| 0
007 ta
008 221004b |||||||| |||| 00| 0 eng d
024 _a76094
037 _cTextual
040 _aCRL
_cCRL
_beng
041 _2eng
_aeng
082 _aR65:6, L1
100 _aDate V H
245 0 _aBrahma yoga of the Gita
260 _aNew Delhi
_bMunshiram Manoharlal India
_c1971
300 _a647p.
_ccm.
650 _aPHILOSOPHY
942 _hR65:6, L1
_cTEXL
_2cc
999 _c984407
_d984407